000 00675nam a2200229Ia 4500
001 1646
003 GE_BSU
008 181216s||||||||xx |||||||||||||| ||und||
020 _a9789941180224
040 _cGE_BSU
080 _a930
245 _aისტორიის შესახებ.
245 _cშემდგ. და რედ.ქეთევან გურჩიანი
260 _aთბილისი
260 _bილიას სახ. უნ–ტი
260 _c2010
300 _a265 გვ. 22 სმ.
541 _h12 ლ.
653 _aისტორია
653 _aსახელმძრვანელო
942 _cBK
999 _c35766
_d35766